| 000 | 00597nam a2200205 a 4500 | ||
|---|---|---|---|
| 005 | 20140310183515.0 | ||
| 008 | 110110s19uu xx 00 eng d | ||
| 020 | _a9780199560141 | ||
| 050 |
_aRC 553.A88 _b .Au834 2010 |
||
| 245 |
_aAutism and talent / _cedited by Francesca Happe and Uta Frith. |
||
| 260 |
_aOxford , New York : _bOxford University Press, _c2010. |
||
| 300 |
_a222 p. : _c24 cm. |
||
| 521 | _aEDU | ||
| 650 | _aAutism. | ||
| 650 | _aSavants( Savant Syndrome). | ||
| 700 | _aedited by: Francesca Happe' | ||
| 700 | _aUta Frith | ||
| 942 |
_cBK _2lcc _kFOR |
||
| 999 |
_c24264 _d24264 |
||